Statistics for Historical Religious Leaders

Click here to take the quiz!

General Stats

  • This quiz has been taken 38 times
  • The average score is 8 of 17

Answer Stats

HintAnswer% Correct
16th Century German - 95 ThesesMartin Luther
97%
the 'Last Prophet' in, and founder of, IslamMuhammad
94%
Led the Israelites out of EgyptMoses
89%
6th Century BCE Chinese philosopher and politicianConfucius
83%
'Middle Way' Monk who probably lived and taught in Ancient India between 6th and 4th Centuries BCE -- taught aBuddha
78%
Mormonism FounderJoseph Smith, Jr.
69%
Wrote many epistles found in the New TestamentPaul
67%
Zoroastrianism FounderZoroaster
56%
Scientology FounderL. Ron Hubbard
42%
Half-man half god? Vishu avatar who plays the fluteKrishna
28%
Christian Science FounderMary Baker Eddy
28%
Wrote Tao Te ChingLao-Tzu
22%
12th Century Jewish Polymath who wrote the Mishneh TorahMaimonides
19%
Jehovah's Witnesses FounderCharles Taze Russell
6%
Head Monk of Tibetan BuddhismDalai Lama
0%
Theosophy FounderHelena Blavatsky
0%
Patron Saint of Italy and founder of Franciscan OrderSt. Francis of Assisi
0%

Score Distribution

Percentile by Number Answered

Percent of People with Each Score

Your Score History

You have not taken this quiz